| 000 -LEADER |
| fixed length control field |
01995cas a2200505 a 4500 |
| 001 - CONTROL NUMBER |
| control field |
11291424 |
| 003 - CONTROL NUMBER IDENTIFIER |
| control field |
NUST |
| 005 - DATE AND TIME OF LATEST TRANSACTION |
| control field |
20220111113001.0 |
| 008 - FIXED-LENGTH DATA ELEMENTS--GENERAL INFORMATION |
| fixed length control field |
850812c197u9999pk mr p w 0 a0eng c |
| 010 ## - LIBRARY OF CONGRESS CONTROL NUMBER |
| LC control number |
84932199 |
| Canceled/invalid LC control number |
sn 85061547 |
| 035 ## - SYSTEM CONTROL NUMBER |
| System control number |
(OCoLC)ocm12376590 |
| 038 ## - RECORD CONTENT LICENSOR |
| Staff Name |
Waseem |
| 040 ## - CATALOGING SOURCE |
| Original cataloging agency |
HUL |
| Language of cataloging |
eng |
| Transcribing agency |
HUL |
| Modifying agency |
DLC |
| -- |
NST |
| -- |
DLC |
| -- |
NST |
| -- |
SYS |
| -- |
OCLCQ |
| -- |
HVL |
| -- |
OCLCQ |
| -- |
OCLCF |
| -- |
OCLCO |
| -- |
OCL |
| -- |
OCLCO |
| -- |
OCLCA |
| -- |
OCLCQ |
| 042 ## - AUTHENTICATION CODE |
| Authentication code |
pcc |
| 043 ## - GEOGRAPHIC AREA CODE |
| Geographic area code |
a-pk--- |
| 050 00 - LIBRARY OF CONGRESS CALL NUMBER |
| Classification number |
LAW |
| 050 #4 - LIBRARY OF CONGRESS CALL NUMBER |
| Classification number |
KPL479.A48 |
| Item number |
C58 |
| 082 00 - DEWEY DECIMAL CLASSIFICATION NUMBER |
| Classification number |
348.5491046 |
| Author Mark |
CIV |
| 245 00 - TITLE STATEMENT |
| Title |
Civil law cases: |
| Remainder of title |
a monthly journal of civil rulings 2004 / |
| Statement of responsibility, etc. |
Edited by Muhammad Anwar Khokhar, H.B. Tanvir, Muhammad Azhar Saeed and Muhammad Zubair Saeed |
| 260 ## - PUBLICATION, DISTRIBUTION, ETC. |
| Place of publication, distribution, etc. |
Lahore : |
| Name of publisher, distributor, etc. |
P.L.D. Publishers, |
| Date of publication, distribution, etc. |
2004. |
| 300 ## - PHYSICAL DESCRIPTION |
| Extent |
volumes ; |
| Dimensions |
23 cm |
| 310 ## - CURRENT PUBLICATION FREQUENCY |
| Current publication frequency |
Monthly with annual cumulation |
| 336 ## - CONTENT TYPE |
| Content type term |
text |
| Content type code |
txt |
| Source |
rdacontent |
| 337 ## - MEDIA TYPE |
| Media type term |
unmediated |
| Media type code |
n |
| Source |
rdamedia |
| 338 ## - CARRIER TYPE |
| Carrier type term |
volume |
| Carrier type code |
nc |
| Source |
rdacarrier |
| 500 ## - GENERAL NOTE |
| General note |
"Approved by Supreme Court and High Courts of Pakistan and Azad J. & K." |
| 515 ## - NUMBERING PECULIARITIES NOTE |
| Numbering peculiarities note |
Volumes for <1981-> issued in parts. |
| 563 ## - BINDING INFORMATION |
| Binding note |
HBK. |
| 588 ## - SOURCE OF DESCRIPTION NOTE |
| Source of description note |
Description based on: 1979; title from caption. |
| 650 #0 - SUBJECT ADDED ENTRY--TOPICAL TERM |
| Topical term or geographic name entry element |
Civil law |
| Geographic subdivision |
Pakistan |
| Form subdivision |
Cases. |
| 9 (RLIN) |
87936 |
| 650 #0 - SUBJECT ADDED ENTRY--TOPICAL TERM |
| Topical term or geographic name entry element |
Law reports, digests, etc. |
| Geographic subdivision |
Pakistan. |
| 9 (RLIN) |
87937 |
| 650 #7 - SUBJECT ADDED ENTRY--TOPICAL TERM |
| Topical term or geographic name entry element |
Civil law. |
| Source of heading or term |
fast |
| Authority record control number or standard number |
(OCoLC)fst00862544 |
| 9 (RLIN) |
87938 |
| 650 #7 - SUBJECT ADDED ENTRY--TOPICAL TERM |
| Topical term or geographic name entry element |
Law reports, digests, etc. |
| Source of heading or term |
fast |
| Authority record control number or standard number |
(OCoLC)fst00994106 |
| 9 (RLIN) |
87939 |
| 651 #7 - SUBJECT ADDED ENTRY--GEOGRAPHIC NAME |
| Geographic name |
Pakistan. |
| Source of heading or term |
fast |
| Authority record control number or standard number |
(OCoLC)fst01210275 |
| 9 (RLIN) |
87940 |
| 655 #7 - INDEX TERM--GENRE/FORM |
| Genre/form data or focus term |
Court decisions and opinions. |
| Source of term |
fast |
| Authority record control number |
(OCoLC)fst01774257 |
| 9 (RLIN) |
87941 |
| 655 #7 - INDEX TERM--GENRE/FORM |
| Genre/form data or focus term |
Trials, litigation, etc. |
| Source of term |
fast |
| Authority record control number |
(OCoLC)fst01423712 |
| 9 (RLIN) |
87942 |
| 655 #7 - INDEX TERM--GENRE/FORM |
| Genre/form data or focus term |
Court decisions and opinions. |
| Source of term |
lcgft |
| 9 (RLIN) |
87941 |
| 710 1# - ADDED ENTRY--CORPORATE NAME |
| Corporate name or jurisdiction name as entry element |
Pakistan. |
| Subordinate unit |
Supreme Court. |
| 9 (RLIN) |
87943 |
| 906 ## - LOCAL DATA ELEMENT F, LDF (RLIN) |
| a |
7 |
| b |
cbc |
| c |
serials |
| d |
3 |
| e |
ncip |
| f |
19 |
| g |
n-oclcserc |
| 942 ## - ADDED ENTRY ELEMENTS (KOHA) |
| Source of classification or shelving scheme |
|
| Koha item type |
Reference |
| Serial record |
1 |